[Event "GER-chT U14"]
[Site "Willingen"]
[Date "2021.06.25"]
[Round "4.10"]
[White "Link, Moritz"]
[Black "Kern, Dominik"]
[Result "0-1"]
[WhiteElo "1540"]
[BlackElo "1349"]
[PlyCount "64"]
[EventDate "2021.06.23"]
[EventType "team-swiss"]
[EventRounds "7"]
[EventCountry "GER"]
[SourceTitle "EXT 2022"]
[Source "ChessBase"]
[SourceDate "2021.10.06"]
[SourceVersion "1"]
[SourceVersionDate "2021.10.06"]
[SourceQuality "1"]
[WhiteTeam "Schott Jena"]
[BlackTeam "Weingarten"]
[WhiteTeamCountry "GER"]
[BlackTeamCountry "GER"]

1. e4 e5 2. Nf3 Nf6 3. Nc3 Bb4 4. Bc4 0-0 5. 0-0 d6 6. Re1 Bg4 7. d3 h6 8. Bd2 Nc6 9. h3 Bh5 10. g4 Nxg4 11. hxg4 Bxg4 12. Nb1 Qf6 13. Bxb4 Bxf3 14. Qxf3 Qxf3 15. Re3 Qd1+ 16. Be1 Nd4 17. c3 Nf3+ 18. Kf1 Nxe1 19. Rxe1 Qg4 20. Re3 Kh8 21. Rg3 Qh4 22. Nd2 Qh1+ 23. Rg1 Qh3+ 24. Ke2 Rad8 25. Rg3 Qh5+ 26. Nf3 c6 27. Rb1 d5 28. exd5 cxd5 29. Bb3 e4 30. dxe4 dxe4 31. Bc2 exf3+ 32. Kf1 Qd5 0-1

[Event "GER-chT U14"]
[Site "Willingen"]
[Date "2021.06.24"]
[Round "2.10"]
[White "Guenther, Arthur"]
[Black "Kern, Dominik"]
[Result "1-0"]
[WhiteElo "1573"]
[BlackElo "1349"]
[PlyCount "53"]
[EventDate "2021.06.23"]
[EventType "team-swiss"]
[EventRounds "7"]
[EventCountry "GER"]
[SourceTitle "EXT 2022"]
[Source "ChessBase"]
[SourceDate "2021.10.06"]
[SourceVersion "1"]
[SourceVersionDate "2021.10.06"]
[SourceQuality "1"]
[WhiteTeam "Weimar"]
[BlackTeam "Weingarten"]
[WhiteTeamCountry "GER"]
[BlackTeamCountry "GER"]

1. d4 d5 2. Nf3 Nf6 3. e3 Nc6 4. c4 e6 5. Bd3 Bd6 6. c5 Be7 7. 0-0 0-0 8. Bd2 b6 9. cxb6 axb6 10. Ne5 Nxe5 11. dxe5 Nd7 12. f4 Nc5 13. Bc2 Bb7 14. Bb4 h6 15. Nc3 Qd7 16. Qg4 Rfd8 17. Rad1 Na6 18. Bxe7 Qxe7 19. f5 Qc5 20. Rd4 Nb8 21. f6 g5 22. Qh5 Qf8 23. h4 Nc6 24. Rg4 Nxe5 25. Rxg5+ Kh8 26. Rg7 Ng6 27. Qxh6# 1-0